| 000 | 01906nam a2200313 i 4500 | ||
|---|---|---|---|
| 003 | DO-SdBNP | ||
| 005 | 20250611073818.0 | ||
| 007 | ta | ||
| 008 | 210524e2012 dr ||||grl|||o001 0 spa d | ||
| 022 | _29789945436761 | ||
| 040 |
_aDO-SdBNP _bspa _cBNPHU _erda |
||
| 041 | _hspa | ||
| 082 | 4 |
_a362.1969792 _bR426n _222 |
|
| 110 | 1 |
_aRepública Dominicana. _bMinisterio de Salud Pública _980830 |
|
| 245 | 0 | 0 |
_aNorma nacional para la prevención y atención de las infecciones de transmisión sexual y sida / _ccoordinación general José Rodriguez Aybar. |
| 264 |
_aSanto Domingo : _bMinisterio de Salud Pública, _c2012. |
||
| 300 |
_a33 páginas ; _c25 cm. |
||
| 336 |
_2rdacontent _atexto _btxt |
||
| 337 |
_2rdamedia _asin mediación _bn |
||
| 338 |
_2rdacarrier _avolumen _bnc |
||
| 504 | _aBibliografía : p.31-33 | ||
| 505 | 0 |
_a0- Introducción.-- _t1. Objeto 1.-- _t2. Ámbito de aplicación.-- _t3. Marco legal.-- _t4. Definiciones.-- _t5. De las acciones de Salud Colectiva con respecto a ITS/VIH/SIDA.-- _t6. De la investigación en ITS/VIH/SIDA dentro del Sistema Nacional de Salud.-- _t7. De la promoción y prevención en ITS/VIH/SIDA .-- _t8. De la atención integral en ITS/VIH/SIDA.-- _t9. De los servicios de consejeria para las ITS/VIH/SIDA.-- _t10 De la transmisón materno infantil del VIH, SIFILIS y otras ITS.-- _t11. De los servicios de laboratorio y banco de sangre.-- _t12. Sobre la vigilancia epidemiológica, monitoreo, evaluación y sistema de información sobre ITS/VIH/SIDA en el Sistema Nacional de Salud.-- _t13. Disposiciones finales.-- _t14. Bibliografía. |
|
| 590 | _aInventariado, 2022/MFF | ||
| 650 | 4 |
_aEnfermedades de transmisión sexual _xPrevención y control _913967 |
|
| 650 | 0 |
_aSIDA (Enfermedad) _xPrevención y control _952709 |
|
| 650 | 4 |
_aServicios de salud _xNormas _981119 |
|
| 700 | 1 |
_a Rodríguez Aybar , José Francisco _ecoordinador _981120 |
|
| 942 |
_2ddc _cLF2 |
||
| 999 |
_c49836 _d49836 |
||